[Event "Catarinense-ch"]
[Site "Concordia"]
[Date "2025.03.01"]
[Round "3"]
[White "Florianovitz, Derlei Alex"]
[Black "Laurindo, Ulisses Alvaro"]
[Result "1-0"]
[WhiteElo "2068"]
[BlackElo "1732"]
[PlyCount "63"]
[EventDate "2025.02.28"]
[EventType "swiss"]
[EventRounds "6"]
[EventCountry "BRA"]
[SourceTitle "CB10_2025"]
[SourceDate "2025.03.05"]
[SourceVersion "1"]
[SourceVersionDate "2025.03.05"]
[SourceQuality "1"]

1. e4 c6 2. d4 d5 3. exd5 cxd5 4. c4 Nf6 5. Nc3 e6 6. c5 Be7 7. Nf3 0-0 8. Bf4 b6 9. b4 a5 10. a3 axb4 11. axb4 Rxa1 12. Qxa1 Nc6 13. Qa4 Bb7 14. b5 Nxd4 15. Nxd4 bxc5 16. Nc6 Qd7 17. Be2 Ra8 18. Nxe7+ Qxe7 19. Qc2 d4 20. Na4 Bxg2 21. Rg1 Be4 22. Qxc5 Qxc5 23. Nxc5 Ra1+ 24. Bd1 Bf3 25. Kd2 Ne4+ 26. Nxe4 Bxe4 27. Be5 Ra2+ 28. Ke1 d3 29. Rxg7+ Kf8 30. Rg4 f5 31. Rxe4 fxe4 32. b6 1-0

[Event "Titled Tuesday intern op 26th Dec Late"]
[Site "Chess.com INT"]
[Date "2023.12.26"]
[Round "7"]
[White "Florianovitz, Derlei Alex"]
[Black "Desideri, Ricardo Maruchi"]
[Result "1-0"]
[WhiteElo "2068"]
[BlackElo "1959"]
[PlyCount "81"]
[EventDate "2023.12.26"]
[EventType "swiss (blitz)"]
[EventRounds "11"]
[EventCountry "USA"]
[SourceTitle "EXT 2025"]
[Source "ChessBase"]
[SourceDate "2024.10.14"]
[SourceVersion "1"]
[SourceVersionDate "2024.10.14"]
[SourceQuality "1"]

1. e4 c5 2. Nf3 d6 3. d4 cxd4 4. Nxd4 Nf6 5. Nc3 a6 6. h3 e6 7. g4 b5 8. Bg2 Bb7 9. a3 h6 10. 0-0 Nbd7 11. Qe2 Be7 12. Kh1 Qc7 13. f4 Rc8 14. g5 hxg5 15. fxg5 Nh5 16. Qg4 Ne5 17. Qh4 Ng6 18. Qf2 Ne5 19. g6 0-0 20. Qe1 fxg6 21. Rxf8+ Rxf8 22. Nxe6 Qc4 23. Nxf8 Bxf8 24. Be3 a5 25. Rd1 b4 26. axb4 axb4 27. Bf1 Bxe4+ 28. Nxe4 Qxe4+ 29. Bg2 Qf5 30. Qxb4 Ng3+ 31. Kh2 d5 32. Bxd5+ Nf7 33. Kxg3 Bxb4 34. Bb3 Kh7 35. Rd4 Qe5+ 36. Kf3 Ng5+ 37. Ke2 Ne4 38. Kd3 Nc5+ 39. Kc4 Nxb3 40. Rh4+ Kg8 41. Kxb4 1-0

[Event "Titled Tuesday intern op 05th Dec Early"]
[Site "Chess.com INT"]
[Date "2023.12.05"]
[Round "5"]
[White "Abel Mathewos, Tilahun"]
[Black "Florianovitz, Derlei Alex"]
[Result "1-0"]
[WhiteElo "1953"]
[BlackElo "2068"]
[PlyCount "57"]
[EventDate "2023.12.05"]
[EventType "swiss (blitz)"]
[EventRounds "11"]
[EventCountry "USA"]
[SourceTitle "EXT 2025"]
[Source "ChessBase"]
[SourceDate "2024.10.14"]
[SourceVersion "1"]
[SourceVersionDate "2024.10.14"]
[SourceQuality "1"]

1. d4 Nf6 2. c4 e6 3. Nf3 Bb4+ 4. Bd2 a5 5. a3 Be7 6. g3 b6 7. Bg2 Bb7 8. 0-0 d6 9. Nc3 Nbd7 10. Rc1 0-0 11. Re1 Ne4 12. Qc2 f5 13. d5 exd5 14. Nxd5 Bxd5 15. cxd5 Rc8 16. Nd4 Nxd2 17. Qxd2 Nc5 18. b4 axb4 19. axb4 Ne4 20. Bxe4 fxe4 21. Ne6 Qd7 22. Nxf8 Rxf8 23. Qd4 Qf5 24. Rxc7 Bf6 25. Qxb6 h5 26. Rf1 h4 27. Qe3 Bg5 28. Qd4 hxg3 29. Qxg7# 1-0

[Event "Titled Tuesday intern op 05th Dec Early"]
[Site "Chess.com INT"]
[Date "2023.12.05"]
[Round "10"]
[White "Florianovitz, Derlei Alex"]
[Black "Kononenko, Dmitry1"]
[Result "0-1"]
[WhiteElo "2068"]
[BlackElo "2251"]
[PlyCount "52"]
[EventDate "2023.12.05"]
[EventType "swiss (blitz)"]
[EventRounds "11"]
[EventCountry "USA"]
[SourceTitle "EXT 2025"]
[Source "ChessBase"]
[SourceDate "2024.10.14"]
[SourceVersion "1"]
[SourceVersionDate "2024.10.14"]
[SourceQuality "1"]

1. e4 e5 2. Nf3 Nf6 3. Nxe5 d6 4. Nf3 Nxe4 5. Nc3 Nxc3 6. dxc3 Be7 7. Bd3 Nc6 8. Be3 0-0 9. Qd2 Be6 10. 0-0-0 Bxa2 11. b3 a5 12. Kb2 a4 13. Kxa2 axb3+ 14. Kxb3 Ra5 15. Ra1 Qa8 16. Kb2 Bf6 17. Rxa5 Qxa5 18. Ra1 Qb4+ 19. Kc1 Bxc3 20. Rb1 Bxd2+ 21. Bxd2 Qa3+ 22. Kd1 Re8 23. Rxb7 Qa1+ 24. Bc1 Nd4 25. Nd2 Re1+ 26. Kxe1 Qxc1# 0-1

[Event "Titled Tuesday intern op 05th Dec Early"]
[Site "Chess.com INT"]
[Date "2023.12.05"]
[Round "1"]
[White "Florianovitz, Derlei Alex"]
[Black "Vivaan, Vishal Shah"]
[Result "0-1"]
[WhiteElo "2068"]
[BlackElo "1774"]
[PlyCount "100"]
[EventDate "2023.12.05"]
[EventType "swiss (blitz)"]
[EventRounds "11"]
[EventCountry "USA"]
[SourceTitle "EXT 2025"]
[Source "ChessBase"]
[SourceDate "2024.10.14"]
[SourceVersion "1"]
[SourceVersionDate "2024.10.14"]
[SourceQuality "1"]

1. e4 e6 2. d4 d5 3. e5 Bd7 4. Nf3 a6 5. a4 c5 6. c3 Nc6 7. Be2 cxd4 8. cxd4 Bb4+ 9. Bd2 Nge7 10. 0-0 Qb6 11. Be3 Nf5 12. g4 Nxe3 13. fxe3 0-0 14. g5 f6 15. gxf6 gxf6 16. exf6 Rxf6 17. Nbd2 Kh8 18. Ng5 Rg6 19. h4 Nxd4 20. Bd3 Nf5 21. Bxf5 Qxe3+ 22. Kh2 Bd6+ 23. Kh1 exf5 24. Ndf3 h6 25. Nf7+ Kh7 26. Nxd6 Rxd6 27. Qd4 Qxd4 28. Nxd4 Re8 29. Nxf5 Bxf5 30. Rxf5 Re7 31. Rd1 d4 32. Rd3 Re3 33. Rf7+ Kg6 34. Rf3 Rxf3 35. Rxf3 d3 36. Rf1 Kh5 37. Rd1 Kxh4 38. Kg2 Kg4 39. Kf2 h5 40. Ke3 h4 41. Rg1+ Kh5 42. Kd2 h3 43. Rg8 Kh4 44. Rh8+ Kg4 45. Rg8+ Kh5 46. Rh8+ Rh6 47. Rf8 h2 48. Rf1 Kg4 49. Rh1 Kf3 50. Kxd3 Kg2 0-1

[Event "Titled Tuesday intern op 05th Dec Early"]
[Site "Chess.com INT"]
[Date "2023.12.05"]
[Round "9"]
[White "Lopusiewicz, Piotr"]
[Black "Florianovitz, Derlei Alex"]
[Result "1-0"]
[WhiteElo "2301"]
[BlackElo "2068"]
[PlyCount "61"]
[EventDate "2023.12.05"]
[EventType "swiss (blitz)"]
[EventRounds "11"]
[EventCountry "USA"]
[SourceTitle "EXT 2025"]
[Source "ChessBase"]
[SourceDate "2024.10.14"]
[SourceVersion "1"]
[SourceVersionDate "2024.10.14"]
[SourceQuality "1"]

1. d4 Nf6 2. c4 e6 3. Nf3 d5 4. Nc3 Be7 5. Bf4 0-0 6. e3 c6 7. Rc1 Nbd7 8. Qc2 dxc4 9. Bxc4 b5 10. Bd3 Bb7 11. 0-0 a6 12. a4 b4 13. Ne4 Nxe4 14. Bxe4 Rc8 15. Bxh7+ Kh8 16. Bd3 c5 17. Qe2 f5 18. Bxa6 Bxa6 19. Qxa6 Rf6 20. Be5 Nxe5 21. dxe5 Rh6 22. Rfd1 Qe8 23. Qb5 Qh5 24. Rd7 Re8 25. Qb7 Bf8 26. h4 Rg6 27. g3 Qg4 28. Ng5 c4 29. a5 Rxg5 30. hxg5 Qxg5 31. a6 1-0

[Event "Titled Tuesday intern op 05th Dec Early"]
[Site "Chess.com INT"]
[Date "2023.12.05"]
[Round "6"]
[White "Smirnov, Timofey"]
[Black "Florianovitz, Derlei Alex"]
[Result "0-1"]
[WhiteElo "2368"]
[BlackElo "2068"]
[PlyCount "46"]
[EventDate "2023.12.05"]
[EventType "swiss (blitz)"]
[EventRounds "11"]
[EventCountry "USA"]
[SourceTitle "EXT 2025"]
[Source "ChessBase"]
[SourceDate "2024.10.14"]
[SourceVersion "1"]
[SourceVersionDate "2024.10.14"]
[SourceQuality "1"]

1. d4 Nf6 2. Bf4 d5 3. e3 c5 4. c3 Nc6 5. Nd2 Qb6 6. Qb3 c4 7. Qc2 Bg4 8. Be2 Bxe2 9. Nxe2 e6 10. 0-0 Rc8 11. h3 Be7 12. Nf3 0-0 13. Ne5 Nxe5 14. Bxe5 Nd7 15. Bh2 Qc6 16. b3 b5 17. a4 a6 18. axb5 axb5 19. b4 Ra8 20. Qb2 Nb6 21. Ra5 Na4 22. Qa3 Rxa5 23. bxa5 Bxa3 0-1

[Event "Titled Tuesday intern op 05th Dec Early"]
[Site "Chess.com INT"]
[Date "2023.12.05"]
[Round "11"]
[White "Subramanian, Anusha"]
[Black "Florianovitz, Derlei Alex"]
[Result "1/2-1/2"]
[WhiteElo "2013"]
[BlackElo "2068"]
[PlyCount "134"]
[EventDate "2023.12.05"]
[EventType "swiss (blitz)"]
[EventRounds "11"]
[EventCountry "USA"]
[SourceTitle "EXT 2025"]
[Source "ChessBase"]
[SourceDate "2024.10.14"]
[SourceVersion "1"]
[SourceVersionDate "2024.10.14"]
[SourceQuality "1"]

1. e4 e6 2. d4 d5 3. Nd2 c5 4. Ngf3 cxd4 5. exd5 Qxd5 6. Bc4 Qd7 7. Nb3 Nc6 8. 0-0 a6 9. Nbxd4 Nxd4 10. Qxd4 Qxd4 11. Nxd4 b5 12. Bd3 Bb7 13. c3 Nf6 14. a4 b4 15. cxb4 Bxb4 16. Be3 0-0 17. Rac1 Nd5 18. Nc2 Bd6 19. Bc4 Rfc8 20. b3 Rd8 21. Rfd1 Rac8 22. Bg5 f6 23. Be3 Kf7 24. Re1 Nxe3 25. Nxe3 Bf4 26. Rcd1 Bxe3 27. fxe3 Ke7 28. Kf2 a5 29. g3 e5 30. Ke2 Rxd1 31. Rxd1 Rd8 32. Rxd8 Kxd8 33. Bd3 h6 34. Bf5 Kc7 35. Kd3 Kd6 36. Kc4 Ba6+ 37. Kc3 Kc5 38. h4 Bb7 39. Be6 Be4 40. Bg4 g5 41. hxg5 hxg5 42. Be2 f5 43. Bc4 f4 44. exf4 exf4 45. gxf4 gxf4 46. Bf1 Bh1 47. Bd3 f3 48. Bf1 Bg2 49. Bd3 f2 50. Kd2 f1Q 51. Bxf1 Bxf1 52. Kc3 Be2 53. Kb2 Kb4 54. Ka2 Bd1 55. Kb2 Bxb3 56. Kb1 Bxa4 57. Ka1 Bb3 58. Kb1 Ka3 59. Ka1 a4 60. Kb1 Bd5 61. Ka1 Kb4 62. Kb1 a3 63. Ka1 Be4 64. Ka2 Bc2 65. Ka1 Bb3 66. Kb1 a2+ 67. Ka1 Ka3 1/2-1/2

[Event "Titled Tuesday intern op 21st Nov Early"]
[Site "Chess.com INT"]
[Date "2023.11.21"]
[Round "1"]
[White "Badelka, Olga"]
[Black "Florianovitz, Derlei Alex"]
[Result "1-0"]
[WhiteElo "2395"]
[BlackElo "2068"]
[PlyCount "81"]
[EventDate "2023.11.21"]
[EventType "swiss (blitz)"]
[EventRounds "11"]
[EventCountry "USA"]
[SourceTitle "EXT 2025"]
[Source "ChessBase"]
[SourceDate "2024.10.14"]
[SourceVersion "1"]
[SourceVersionDate "2024.10.14"]
[SourceQuality "1"]

1. c4 c5 2. Nf3 Nc6 3. Nc3 g6 4. e3 Bg7 5. d4 cxd4 6. exd4 d6 7. Be2 Nf6 8. d5 Nb8 9. 0-0 0-0 10. Be3 Bg4 11. Nd4 Bxe2 12. Qxe2 Nbd7 13. Rac1 Rc8 14. b3 a6 15. Rfe1 Re8 16. h3 Qa5 17. Qd2 h5 18. Bh6 Kh7 19. Bxg7 Kxg7 20. f4 b5 21. Nc6 Qb6+ 22. Kh1 e6 23. cxb5 axb5 24. dxe6 Rxe6 25. Rxe6 fxe6 26. Nd4 Re8 27. Re1 e5 28. Ndxb5 d5 29. fxe5 Nxe5 30. Qd4 Nf3 31. gxf3 Rxe1+ 32. Kg2 Qxd4 33. Nxd4 Rc1 34. Ncb5 Rd1 35. a4 Rb1 36. a5 Nd7 37. a6 Nb6 38. a7 Ra1 39. Ne6+ Kf6 40. Nec7 Ke5 41. h4 1-0

[Event "Titled Tuesday intern op 21st Nov Early"]
[Site "Chess.com INT"]
[Date "2023.11.21"]
[Round "3"]
[White "Florianovitz, Derlei Alex"]
[Black "Figorito, Nick"]
[Result "1/2-1/2"]
[WhiteElo "2068"]
[BlackElo "2036"]
[PlyCount "49"]
[EventDate "2023.11.21"]
[EventType "swiss (blitz)"]
[EventRounds "11"]
[EventCountry "USA"]
[SourceTitle "EXT 2025"]
[Source "ChessBase"]
[SourceDate "2024.10.14"]
[SourceVersion "1"]
[SourceVersionDate "2024.10.14"]
[SourceQuality "1"]

1. e4 e6 2. d4 d5 3. e5 c5 4. c3 Bd7 5. Nf3 Qb6 6. Bd3 Bb5 7. 0-0 Bxd3 8. Qxd3 Qa6 9. Qxa6 Nxa6 10. a3 c4 11. Bg5 Be7 12. Bxe7 Nxe7 13. Nbd2 h5 14. b4 Nf5 15. a4 Nb8 16. b5 Nd7 17. a5 0-0 18. Rfb1 Rfb8 19. Ne1 g6 20. Nc2 Ne7 21. f4 Kg7 22. Kf2 Rh8 23. h4 Rhb8 24. g3 Rc8 25. Nb4 1/2-1/2

[Event "Titled Tuesday intern op 21st Nov Early"]
[Site "Chess.com INT"]
[Date "2023.11.21"]
[Round "7"]
[White "Florianovitz, Derlei Alex"]
[Black "Martin Duque, Jesus"]
[Result "1-0"]
[WhiteElo "2068"]
[BlackElo "2368"]
[PlyCount "103"]
[EventDate "2023.11.21"]
[EventType "swiss (blitz)"]
[EventRounds "11"]
[EventCountry "USA"]
[SourceTitle "EXT 2025"]
[Source "ChessBase"]
[SourceDate "2024.10.14"]
[SourceVersion "1"]
[SourceVersionDate "2024.10.14"]
[SourceQuality "1"]

1. e4 c5 2. Nf3 e6 3. d4 cxd4 4. Nxd4 Nc6 5. c4 Qc7 6. Nxc6 dxc6 7. Nc3 e5 8. Be3 Nf6 9. h3 Be6 10. Be2 Nd7 11. Qc2 Bc5 12. Bxc5 Nxc5 13. 0-0 a5 14. b3 g5 15. a3 h5 16. b4 Nd7 17. c5 g4 18. h4 g3 19. fxg3 Rg8 20. Qd3 0-0-0 21. Qe3 Nf8 22. b5 Rd4 23. bxc6 Qxc6 24. Nb5 Kb8 25. Nxd4 exd4 26. Qxd4 Rxg3 27. Kh2 Qc7 28. Qd6 Qxd6 29. cxd6 Re3 30. Bxh5 Rxe4 31. Bxf7 Rxh4+ 32. Kg3 Rg4+ 33. Kh3 Bd7 34. Kh2 Nh7 35. Rae1 Ng5 36. Be8 Kc8 37. Rf8 Nh7 38. Bxd7+ Kxd7 39. Rf7+ Kxd6 40. Rxh7 Ra4 41. Rxb7 Rxa3 42. Rd1+ Kc6 43. Rg7 a4 44. Rf1 Ra2 45. Rf6+ Kd5 46. Rg4 a3 47. Ra6 Kc5 48. Ra5+ Kb6 49. Rf5 Ra1 50. Rg6+ Kc7 51. Rf7+ Kd8 52. Rg8# 1-0

[Event "Titled Tuesday intern op 21st Nov Early"]
[Site "Chess.com INT"]
[Date "2023.11.21"]
[Round "11"]
[White "Florianovitz, Derlei Alex"]
[Black "Preobrazhenskaya, Diana"]
[Result "0-1"]
[WhiteElo "2068"]
[BlackElo "2054"]
[PlyCount "70"]
[EventDate "2023.11.21"]
[EventType "swiss (blitz)"]
[EventRounds "11"]
[EventCountry "USA"]
[SourceTitle "EXT 2025"]
[Source "ChessBase"]
[SourceDate "2024.10.14"]
[SourceVersion "1"]
[SourceVersionDate "2024.10.14"]
[SourceQuality "1"]

1. e4 c5 2. Nf3 d6 3. d4 cxd4 4. Nxd4 Nf6 5. Nc3 a6 6. h3 h5 7. g3 e5 8. Nde2 b5 9. Bg2 Bb7 10. 0-0 Nbd7 11. Be3 Be7 12. Qd2 Nb6 13. Bxb6 Qxb6 14. Nd5 Nxd5 15. exd5 Rc8 16. Nc3 b4 17. Ne4 Qb5 18. Rad1 Qc4 19. b3 Qb5 20. f4 exf4 21. Qxf4 Qb6+ 22. Kh2 0-0 23. Qf5 g6 24. Nf6+ Bxf6 25. Qxf6 Rxc2 26. Kh1 Qc5 27. Be4 Re2 28. Bf3 Rxa2 29. Rc1 Qe3 30. Qxd6 Qd2 31. g4 hxg4 32. hxg4 Qh6+ 33. Kg1 Qe3+ 34. Kh1 Kg7 35. Bg2 Rh8+ 0-1

[Event "Titled Tuesday intern op 31st Oct Late"]
[Site "Chess.com INT"]
[Date "2023.10.31"]
[Round "9"]
[White "D'Arruda, Ricardo D"]
[Black "Florianovitz, Derlei Alex"]
[Result "1/2-1/2"]
[WhiteElo "2271"]
[BlackElo "2068"]
[PlyCount "116"]
[EventDate "2023.10.31"]
[EventType "swiss (blitz)"]
[EventRounds "11"]
[EventCountry "USA"]
[SourceTitle "EXT 2025"]
[Source "ChessBase"]
[SourceDate "2024.10.14"]
[SourceVersion "1"]
[SourceVersionDate "2024.10.14"]
[SourceQuality "1"]

1. d4 Nf6 2. Nf3 d5 3. c4 e6 4. Nc3 Be7 5. e3 c6 6. Bd3 0-0 7. 0-0 Nbd7 8. e4 dxe4 9. Nxe4 Nxe4 10. Bxe4 Nf6 11. Bc2 h6 12. Bf4 c5 13. Qe2 cxd4 14. Rad1 Qb6 15. b3 Bd7 16. Be5 Bc6 17. Nxd4 Rfd8 18. Nxc6 Qxc6 19. h3 Rxd1 20. Rxd1 Rd8 21. Rxd8+ Bxd8 22. Qd3 Qd7 23. Qe3 b6 24. Qf3 Qc8 25. Bd3 Nd7 26. Bd6 Bf6 27. Qe4 g6 28. Qe3 Kg7 29. Be4 Nc5 30. Bf3 Nb7 31. Be5 Bxe5 32. Qxe5+ Kh7 33. g3 Qd7 34. h4 h5 35. g4 hxg4 36. Bxg4 Nd6 37. h5 Nf5 38. hxg6+ Kxg6 39. Bxf5+ exf5 40. b4 Qd1+ 41. Kg2 Qg4+ 42. Qg3 Kf6 43. Qxg4 fxg4 44. Kg3 Ke5 45. Kxg4 Kd4 46. c5 bxc5 47. bxc5 Kxc5 48. Kf5 Kb4 49. Kf6 Ka3 50. Kxf7 a5 51. f4 a4 52. f5 Kxa2 53. f6 Kb2 54. Ke7 a3 55. f7 a2 56. f8Q a1Q 57. Qh8+ Ka2 58. Qxa1+ Kxa1 1/2-1/2

[Event "Titled Tuesday intern op 31st Oct Late"]
[Site "Chess.com INT"]
[Date "2023.10.31"]
[Round "2"]
[White "Florianovitz, Derlei Alex"]
[Black "Arutla, Aditya"]
[Result "0-1"]
[WhiteElo "2068"]
[BlackElo "2132"]
[PlyCount "70"]
[EventDate "2023.10.31"]
[EventType "swiss (blitz)"]
[EventRounds "11"]
[EventCountry "USA"]
[SourceTitle "EXT 2025"]
[Source "ChessBase"]
[SourceDate "2024.10.14"]
[SourceVersion "1"]
[SourceVersionDate "2024.10.14"]
[SourceQuality "1"]

1. e4 e5 2. Nf3 Nc6 3. Bb5 a6 4. Ba4 d6 5. 0-0 Bd7 6. c3 Nf6 7. Re1 g6 8. d4 Bg7 9. Nbd2 0-0 10. Nf1 b5 11. Bb3 Na5 12. dxe5 dxe5 13. Nxe5 Nxb3 14. axb3 Qe7 15. Nxd7 Nxd7 16. b4 Ne5 17. Bf4 Rad8 18. Bd2 Nd3 19. Re2 Nxb2 20. Qc2 Nc4 21. Rxa6 Rd7 22. Bf4 Rfd8 23. Ra1 Qf6 24. Bg3 Qxc3 25. Qxc3 Bxc3 26. Rb1 Rd1 27. Rxd1 Rxd1 28. Bxc7 Nd2 29. Rxd2 Bxd2 30. Bd6 Rb1 31. f3 Bxb4 32. Bxb4 Rxb4 33. Kf2 Rb2+ 34. Kg3 Re2 35. Ne3 Rxe3 0-1

[Event "Titled Tuesday intern op 31st Oct Late"]
[Site "Chess.com INT"]
[Date "2023.10.31"]
[Round "6"]
[White "Florianovitz, Derlei Alex"]
[Black "Bartel, Michal"]
[Result "0-1"]
[WhiteElo "2068"]
[BlackElo "2246"]
[PlyCount "86"]
[EventDate "2023.10.31"]
[EventType "swiss (blitz)"]
[EventRounds "11"]
[EventCountry "USA"]
[SourceTitle "EXT 2025"]
[Source "ChessBase"]
[SourceDate "2024.10.14"]
[SourceVersion "1"]
[SourceVersionDate "2024.10.14"]
[SourceQuality "1"]

1. e4 e5 2. Nf3 Nc6 3. Bb5 g6 4. 0-0 Bg7 5. c3 d6 6. h3 Bd7 7. Re1 Nge7 8. d4 0-0 9. Bg5 h6 10. Be3 Nxd4 11. Nxd4 exd4 12. Bxd7 dxe3 13. Ba4 exf2+ 14. Kxf2 Nc6 15. Bxc6 bxc6 16. Nd2 Rb8 17. Qc2 Re8 18. Rad1 Qg5 19. Nf3 Qc5+ 20. Kf1 Qc4+ 21. Kg1 Qxa2 22. Ra1 Qxb2 23. Qxb2 Rxb2 24. Rxa7 Bxc3 25. Rc1 Bb4 26. Rxc6 Bc5+ 27. Rxc5 dxc5 28. Rxc7 Rxe4 29. Rxc5 Ree2 30. Nh4 g5 31. Nf5 Rxg2+ 32. Kh1 Rgc2 33. Nxh6+ Kg7 34. Nf5+ Kf6 35. Rxc2 Rxc2 36. Ne3 Ra2 37. Ng4+ Ke6 38. Nh2 f5 39. Nf3 Kf6 40. Kg1 g4 41. hxg4 fxg4 42. Nd4 Ke5 43. Ne2 Rxe2 0-1

[Event "Titled Tuesday intern op 31st Oct Late"]
[Site "Chess.com INT"]
[Date "2023.10.31"]
[Round "1"]
[White "Przybylski, Wojciech"]
[Black "Florianovitz, Derlei Alex"]
[Result "1-0"]
[WhiteElo "2308"]
[BlackElo "2068"]
[PlyCount "113"]
[EventDate "2023.10.31"]
[EventType "swiss (blitz)"]
[EventRounds "11"]
[EventCountry "USA"]
[SourceTitle "EXT 2025"]
[Source "ChessBase"]
[SourceDate "2024.10.14"]
[SourceVersion "1"]
[SourceVersionDate "2024.10.14"]
[SourceQuality "1"]

1. d4 Nf6 2. c4 e6 3. g3 d5 4. Bg2 Be7 5. Nf3 c6 6. 0-0 0-0 7. Re1 Nbd7 8. a3 b6 9. Nc3 Ba6 10. cxd5 cxd5 11. Bf4 b5 12. Rc1 Rc8 13. h3 Qa5 14. Bd2 Qb6 15. Qb3 Ne4 16. Bf4 Nxc3 17. Rxc3 Rxc3 18. bxc3 Nf6 19. Ne5 h6 20. Kh2 Rc8 21. Rc1 Qa5 22. Nd3 Qxa3 23. Qxa3 Bxa3 24. Ra1 b4 25. Nxb4 Bxb4 26. cxb4 Bxe2 27. Rxa7 Rc4 28. Ra2 Bd3 29. Rb2 Nd7 30. Be3 Rc2 31. Rxc2 Bxc2 32. Bf1 Ba4 33. Bf4 Kf8 34. Bd6+ Ke8 35. b5 Nf6 36. f3 Kd7 37. Bf8 Ne8 38. Kg2 h5 39. Kf2 g6 40. Ke3 Kc7 41. Bc5 Kb7 42. Kf4 Nc7 43. Ke5 Nxb5 44. Kf6 Nc3 45. Kxf7 Bc2 46. Kxe6 Bf5+ 47. Kf6 Nd1 48. g4 hxg4 49. fxg4 Be4 50. h4 Ne3 51. Be2 Ng2 52. h5 gxh5 53. gxh5 Nf4 54. Bg4 Kc6 55. Kg5 Ng2 56. Bf8 Ne3 57. Be2 1-0

[Event "Titled Tuesday intern op 17th Oct Late"]
[Site "Chess.com INT"]
[Date "2023.10.17"]
[Round "8"]
[White "Florianovitz, Derlei Alex"]
[Black "Herman, Daniel"]
[Result "1-0"]
[WhiteElo "2068"]
[BlackElo "1927"]
[PlyCount "82"]
[EventDate "2023.10.17"]
[EventType "swiss (blitz)"]
[EventRounds "11"]
[EventCountry "USA"]
[SourceTitle "EXT 2025"]
[Source "ChessBase"]
[SourceDate "2024.10.14"]
[SourceVersion "1"]
[SourceVersionDate "2024.10.14"]
[SourceQuality "1"]

1. e4 e5 2. Nf3 Nc6 3. Bb5 a6 4. Ba4 Nf6 5. 0-0 b5 6. Bb3 Be7 7. Re1 0-0 8. c3 d5 9. exd5 Nxd5 10. Nxe5 Nxe5 11. Rxe5 c6 12. d4 Bd6 13. Re1 Qh4 14. g3 Qh3 15. Be3 Bg4 16. Qd3 f5 17. Qf1 Qh5 18. Nd2 f4 19. Bxf4 Rxf4 20. gxf4 Bxf4 21. Qg2 Bxd2 22. Re5 Qh3 23. Bxd5+ Kh8 24. Qxh3 Bxh3 25. Bxc6 Rf8 26. Re8 Rxe8 27. Bxe8 Bg4 28. a4 b4 29. c4 b3 30. Bf7 Bf5 31. c5 Bc2 32. a5 g5 33. d5 Bb4 34. c6 Bd6 35. Re1 Kg7 36. Be6 Kf8 37. Bd7 h5 38. Re6 Bc7 39. d6 Bxa5 40. c7 Bc3 41. c8Q+ Kg7 1-0

[Event "Titled Tuesday intern op 17th Oct Late"]
[Site "Chess.com INT"]
[Date "2023.10.17"]
[Round "2"]
[White "Mikhalsky, Vladimir"]
[Black "Florianovitz, Derlei Alex"]
[Result "0-1"]
[WhiteElo "2219"]
[BlackElo "2068"]
[PlyCount "118"]
[EventDate "2023.10.17"]
[EventType "swiss (blitz)"]
[EventRounds "11"]
[EventCountry "USA"]
[SourceTitle "EXT 2025"]
[Source "ChessBase"]
[SourceDate "2024.10.14"]
[SourceVersion "1"]
[SourceVersionDate "2024.10.14"]
[SourceQuality "1"]

1. d4 Nf6 2. g3 d5 3. Bg2 Bf5 4. Nf3 e6 5. 0-0 Be7 6. Nh4 Bg6 7. Nxg6 hxg6 8. c4 c6 9. Nc3 0-0 10. e4 dxe4 11. Nxe4 Nxe4 12. Bxe4 Nd7 13. h4 Nf6 14. Bc2 c5 15. Be3 Rc8 16. b3 Qb6 17. Bg5 Rfd8 18. h5 gxh5 19. Bxf6 Bxf6 20. Qxh5 g6 21. Qf3 Bxd4 22. Rad1 Kg7 23. Kg2 Qc6 24. Be4 Qd6 25. Bxb7 Rc7 26. Be4 f5 27. Bc2 Rh8 28. Rh1 Rxh1 29. Rxh1 Qc6 30. Qxc6 Rxc6 31. g4 Rc8 32. Re1 Kf6 33. gxf5 exf5 34. Kf3 Rc7 35. Re8 Re7 36. Rf8+ Kg7 37. Rd8 Kf6 38. b4 Rb7 39. b5 Rf7 40. a4 g5 41. a5 g4+ 42. Kg2 f4 43. Be4 Re7 44. Bd5 Re2 45. Rf8+ Kg5 46. Rg8+ Kf5 47. Rf8+ Kg5 48. Rg8+ Kf5 49. Kf1 Rxf2+ 50. Ke1 Rb2 51. b6 axb6 52. a6 Ra2 53. Ra8 f3 54. a7 f2+ 55. Kf1 Ra1+ 56. Ke2 f1Q+ 57. Kd2 Qf2+ 58. Kd3 Qe3+ 59. Kc2 Qc3# 0-1